Archivo de don Bernardo O'Higgins
Sábháilte in:
| Údar corparáideach: | |
|---|---|
| Formáid: | LEABHAR |
| Teanga: | Spáinnis |
| Foilsithe / Cruthaithe: |
Santiago
Universidad Católica
1964
|
| Ábhair: | |
| Clibeanna: |
Cuir clib leis
Níl clibeanna ann, Bí ar an gcéad duine le clib a chur leis an taifead seo!
|
MARC
| LEADER | 00000cam a2200000 a 4500 | ||
|---|---|---|---|
| 001 | UCR1371 | ||
| 003 | CL-VaPUC | ||
| 008 | 971219e19640000CL |||||||||||||||||spa|d | ||
| 082 | 0 | 4 | |a 983.04 |b ACA |2 21 |
| 110 | 2 | |a Academia Chilena de la Historia |e author |9 398398 | |
| 245 | 1 | 0 | |a Archivo de don Bernardo O'Higgins |
| 300 | |a v | ||
| 942 | |c BK | ||
| 945 | |d 19971219 00:00:00 |a cmena | ||
| 260 | |a Santiago |b Universidad Católica |c 1964 | ||
| 500 | |a v.24 p.1: Secuestros 1817 | ||
| 500 | |a v.25 p.2: Organización militar 1817 | ||
| 500 | |a v.26 p.2: Secuestros 1817 | ||
| 500 | |a v.27 p.3: Organización militar 1817 | ||
| 500 | |a v.29: Gaceta Ministerial de Chile | ||
| 500 | |a v.30: Gaceta Ministerial de Chile | ||
| 600 | 0 | |a O'higgins Riquelme, Bernardo |9 317764 | |
| 650 | 7 | |a HISTORIA CHILENA |2 CL-VaPUC |9 393482 | |
| 650 | 0 | |a Revistas |9 335471 | |
| 650 | 0 | |a Independencia |9 344246 | |
| 650 | 0 | |a Guerras |9 255273 | |
| 650 | 0 | |a Fuerzas Armadas |9 255504 | |
| 650 | 0 | |a Independencia |9 344246 | |
| 651 | 7 | |a CHILE |2 CL-VaPUC |9 398399 | |
| 583 | |a last modification |c 20151201 08:01:14 |k Rodrigo Vera | ||
| 999 | |c 264775 |d 264773 | ||
| 952 | |0 0 |1 0 |4 0 |6 983_040000000000000_ACA_1964 |7 0 |8 DER_HDC |9 295240 |a BIBDER |b BIBDER |d 2019-11-19 |h v.24 p.1 |i 1922068 |l 1 |o 983.04 ACA 1964 |p 1922068 |r 2023-01-25 |s 2020-03-16 |w 2019-11-19 |x Ubicación 4to Piso |y BK_X |z Estos recursos deben solicitarse con anticipación |k DER | ||
| 952 | |0 0 |1 0 |4 0 |6 983_040000000000000_ACA_1964 |7 0 |8 DER_HDC |9 295241 |a BIBDER |b BIBDER |d 2019-11-19 |h v.25 p.2 |i 1922076 |l 1 |o 983.04 ACA 1964 |p 1922076 |r 2023-01-25 |s 2020-03-16 |w 2019-11-19 |x Ubicación 4to Piso |y BK_X |z Estos recursos deben solicitarse con anticipación |k DER | ||
| 952 | |0 0 |1 0 |4 0 |6 983_040000000000000_ACA_1964 |7 0 |8 DER_HDC |9 295242 |a BIBDER |b BIBDER |d 2019-11-19 |h v.26 p.2 |i 1922084 |l 1 |o 983.04 ACA 1964 |p 1922084 |r 2023-01-25 |s 2020-03-16 |w 2019-11-19 |x Ubicación 4to Piso |y BK_X |z Estos recursos deben solicitarse con anticipación |k DER | ||
| 952 | |0 0 |1 0 |4 0 |6 983_040000000000000_ACA_1964 |7 0 |8 DER_HDC |9 295243 |a BIBDER |b BIBDER |d 2019-11-19 |h v.27 p.3 |i 1922092 |l 1 |o 983.04 ACA 1964 |p 1922092 |r 2023-01-25 |s 2020-03-16 |w 2019-11-19 |x Ubicación 4to Piso |y BK_X |z Estos recursos deben solicitarse con anticipación |k DER | ||
| 952 | |0 0 |1 0 |4 0 |6 983_040000000000000_ACA_1964 |7 0 |8 DER_HDC |9 295244 |a BIBDER |b BIBDER |d 2019-11-19 |h v.29 |i 1922106 |l 1 |o 983.04 ACA 1964 |p 1922106 |r 2023-01-25 |s 2020-03-16 |w 2019-11-19 |x Ubicación 4to Piso |y BK_X |z Estos recursos deben solicitarse con anticipación |k DER | ||
| 952 | |0 0 |1 0 |4 0 |6 983_040000000000000_ACA_1964 |7 0 |8 DER_HDC |9 295245 |a BIBDER |b BIBDER |d 2019-11-19 |h v.30 |i 1922114 |l 1 |o 983.04 ACA 1964 |p 1922114 |r 2023-01-25 |s 2020-03-16 |w 2019-11-19 |x Ubicación 4to Piso |y BK_X |z Estos recursos deben solicitarse con anticipación |k DER | ||
| 952 | |0 0 |1 0 |4 0 |6 983_040000000000000_ACA_1964 |7 0 |8 DER_HDC |9 295246 |a BIBDER |b BIBDER |d 2019-11-19 |h v.32 |i 1922122 |l 1 |o 983.04 ACA 1964 |p 1922122 |r 2023-01-25 |s 2020-03-16 |w 2019-11-19 |x Ubicación 4to Piso |y BK_X |z Estos recursos deben solicitarse con anticipación |k DER | ||
| 952 | |0 0 |1 0 |4 0 |6 983_040000000000000_ACA_1964 |7 0 |8 X |9 295247 |a BIBHIS |b BIBHIS |d 2019-11-19 |h v.24 p.1 |i 1388479 |o 983.04 ACA 1964 |p 1388479 |r 2024-01-30 |w 2019-11-19 |y BK_X |k HIS | ||
| 952 | |0 0 |1 0 |4 0 |6 983_040000000000000_ACA_1964 |7 0 |8 X |9 295248 |a BIBHIS |b BIBHIS |d 2019-11-19 |h v.25 p.2 |i 1388487 |o 983.04 ACA 1964 |p 1388487 |r 2024-01-30 |w 2019-11-19 |y BK_X |k HIS | ||
| 952 | |0 0 |1 0 |4 0 |6 983_040000000000000_ACA_1964 |7 0 |8 X |9 295249 |a BIBHIS |b BIBHIS |d 2019-11-19 |h v.26 p.2 |i 1388495 |o 983.04 ACA 1964 |p 1388495 |r 2024-01-30 |w 2019-11-19 |y BK_X |k HIS | ||
| 952 | |0 0 |1 0 |4 0 |6 983_040000000000000_ACA_1964 |7 0 |8 X |9 295250 |a BIBHIS |b BIBHIS |d 2019-11-19 |h v.27 p.3 |i 1388509 |o 983.04 ACA 1964 |p 1388509 |r 2024-01-30 |w 2019-11-19 |y BK_X |k HIS | ||
| 952 | |0 0 |1 0 |4 0 |6 983_040000000000000_ACA_1964 |7 0 |8 X |9 295251 |a BIBHIS |b BIBHIS |d 2019-11-19 |h v.28 |i 1388517 |o 983.04 ACA 1964 |p 1388517 |r 2024-01-30 |w 2019-11-19 |y BK_X |k HIS | ||
| 952 | |0 0 |1 0 |4 0 |6 983_040000000000000_ACA_1964 |7 0 |8 X |9 295252 |a BIBHIS |b BIBHIS |d 2019-11-19 |h v.29 |i 1388525 |o 983.04 ACA 1964 |p 1388525 |r 2024-01-30 |w 2019-11-19 |y BK_X |k HIS | ||
| 952 | |0 0 |1 0 |4 0 |6 983_040000000000000_ACA_1964 |7 0 |8 X |9 295253 |a BIBHIS |b BIBHIS |d 2019-11-19 |h v.30 |i 1388533 |o 983.04 ACA 1964 |p 1388533 |r 2024-01-30 |w 2019-11-19 |y BK_X |k HIS | ||
| 952 | |0 0 |1 0 |4 0 |6 983_040000000000000_ACA_1964 |7 0 |8 X |9 295254 |a BIBHIS |b BIBHIS |d 2019-11-19 |h Ind |i 1388657 |o 983.04 ACA 1964 |p 1388657 |r 2024-01-30 |w 2019-11-19 |y BK_X |k HIS | ||
| 952 | |0 0 |1 0 |4 0 |6 983_040000000000000_ACA_1964 |7 0 |8 DER_HDC |9 295255 |a BIBDER |b BIBDER |d 2019-11-19 |h v.28 |i 475459K |l 1 |o 983.04 ACA 1964 |p 475459K |r 2023-01-25 |s 2020-03-16 |w 2019-11-19 |x Ubicación 4to Piso |y BK_X |z Estos recursos deben solicitarse con anticipación |k DER | ||
| 952 | |0 0 |1 0 |4 0 |6 983_040000000000000_ACA_1964 |7 0 |8 X |9 295256 |a FDOBUD |b FDOBUD |d 2019-11-19 |h v.24 |i 4920023 |o 983.04 ACA 1964 |p 4920023 |r 2019-11-19 |w 2019-11-19 |y BK_X |k BUD | ||
| 952 | |0 0 |1 0 |4 0 |6 983_040000000000000_ACA_1964 |7 0 |8 X |9 295257 |a FDOBUD |b FDOBUD |d 2019-11-19 |h v.25 |i 4920031 |o 983.04 ACA 1964 |p 4920031 |r 2019-11-19 |w 2019-11-19 |y BK_X |k BUD | ||
| 952 | |0 0 |1 0 |4 0 |6 983_040000000000000_ACA_1964 |7 0 |8 X |9 295258 |a FDOBUD |b FDOBUD |d 2019-11-19 |h v.26 |i 492004K |o 983.04 ACA 1964 |p 492004K |r 2019-11-19 |w 2019-11-19 |y BK_X |k BUD | ||
| 952 | |0 0 |1 0 |4 0 |6 983_040000000000000_ACA_1964 |7 0 |8 X |9 295259 |a FDOBUD |b FDOBUD |d 2019-11-19 |h v.27 |i 4920058 |o 983.04 ACA 1964 |p 4920058 |r 2019-11-19 |w 2019-11-19 |y BK_X |k BUD | ||
| 952 | |0 0 |1 0 |4 0 |6 983_040000000000000_ACA_1964 |7 0 |8 X |9 295260 |a FDOBUD |b FDOBUD |d 2019-11-19 |h v.29 |i 4920066 |o 983.04 ACA 1964 |p 4920066 |r 2019-11-19 |w 2019-11-19 |y BK_X |k BUD | ||
| 952 | |0 0 |1 0 |4 0 |6 983_040000000000000_ACA_1964 |7 0 |8 X |9 295261 |a FDOBUD |b FDOBUD |d 2019-11-19 |h v.30 |i 4920074 |o 983.04 ACA 1964 |p 4920074 |r 2019-11-19 |w 2019-11-19 |y BK_X |k BUD | ||